From Gutenberg to the global information infrastructure (Record no. 38126)
[ view plain ]
| 000 -LEADER | |
|---|---|
| fixed length control field | 01459nam a2200349Ia 4500 |
| 100 1# - MAIN ENTRY--AUTHOR NAME | |
| Personal name | Borgman, Christine L., |
| 245 10 - TITLE STATEMENT | |
| Title | From Gutenberg to the global information infrastructure |
| 260 ## - PUBLICATION, DISTRIBUTION, ETC. (IMPRINT) | |
| Place of publication | Cambridge, MA : |
| Name of publisher | MIT Press, |
| Year of publication | 2003, c2000. |
| 300 ## - PHYSICAL DESCRIPTION | |
| Number of Pages | xviii, 324 p. |
| 490 1# - SERIES STATEMENT | |
| Series statement | Digital libraries and electronic publishing |
| 650 #0 - SUBJECT ADDED ENTRY--TOPICAL TERM | |
| Topical Term | Information superhighway. |
| Topical Term | Digital libraries. |
| Topical Term | Libraries |
| Topical Term | Information superhighway |
| Topical Term | Digital libraries |
| 856 40 - ELECTRONIC LOCATION AND ACCESS | |
| Uniform Resource Identifier | http://site.ebrary.com/lib/rucke/Doc?id=10233573 |
No items available.
